00333nam a2200121Ia 4500008004100000041000800041082001400049100002200063245004500085260003900130300003000169365001200199240624s9999 xx 000 0 und d aeng a303.3 DON aDONSBACH WOLFGANG aSAGE HANDBOOK OF PUBLIC OPINION RESEARCH c2008aNew DelhibSage Publications axx, : 618 : p. : cm. ; 25 cBPSb30